Determinación de las características de secado de la pulpa de café prensada para su uso posterior en el diseño de procesos de secado

Sparad:
Bibliografiska uppgifter
Huvudupphovsman: Cerdas Romero, Fabián Jesús, 1993-
Övriga upphovsmän: Torres Quirós, Cindy María, 1980- Directora del TFG
Materialtyp: Bok
Språk:Spanish
Publicerad: San José, Costa Rica 2019
Ämnen:
Taggar: Lägg till en tagg
Inga taggar, Lägg till första taggen!

MARC

LEADER 00000nam a22000007a 4500
003 013124
005 20230508093307.0
008 190917b2019 c a|||| |m|| 00| ||spa d
040 |c cru CEDI 
100 |9 504  |a Cerdas Romero, Fabián Jesús, 1993- 
245 |a Determinación de las características de secado de la pulpa de café prensada para su uso posterior en el diseño de procesos de secado 
260 |a San José, Costa Rica  |c 2019 
500 |a Proyecto de graduación(licenciatura en ingeniería química)--Universidad de Costa Rica. Facultad de Ingeniería. Escuela de Ingeniería Química 
501 |a Directora de Proyecto de Graduación: M. Sc. Cindy Torres Quirós  
650 |x PULPA DE CAFE - SECADO  |x TRATAMIENTO DE RESIDUOS  |x SECADORES - DISEÑO 
700 |9 154  |a Torres Quirós, Cindy María, 1980-  |d Directora del TFG 
942 |c CEDI  |h TFG 8275  |6 TFG_8275_000000000000000 
999 |c 21790  |d 21790